000 00731nam a22002417a 4500
003 LK-CoDNM
005 20241119094835.0
008 241015b |||||||| |||| 00| 0 eng d
040 _aLK-CoDNM
_dLK-CoDNM
_eLK-CoDNM
041 _aeng
080 _a15
_bM4
100 _aRichards, H.M.
245 _aEpitome of the proclamations, notifications, & promulgated in Ceylon during-1917
250 _aCeylon government gazette
260 _aColombo
_c1918
_bGovernment printers
300 _b216p. ; 24 cm
650 _aEpitome of the proclamations, notifications, & promulgated in Ceylon during-1917
650 _aCeylon government gazette
650 _aRichards, H.M.
650 _a15 M4
650 _a1918
942 _cBK
999 _c230558
_d230558